1388 1526 1910 1831 1409 1795 1920 1788 1510 1637 1522 1765 1545 1478 1039 1177 1987 1735 1309 1092 1066 1866 1455 1563 1557 1059 1435 1992 1225 1079 1671 1692 1961 1554 1993 1990 1534 1045 1509 1954 1808 1146 1837 1222 1606 1327 1559 1935 1446 1790 1134 1498 1634 1658 1150 1209 1624 1199 1493 1522 1723 1376 1868 1801 1799 1753 1370 1602 1793 1147 1870 1900 1713 1954 1521 1304 1325 1525 1992 1506 1918 1723 1509 1292 1584 1243 1797 1947 1242 1716 1375 1007 1701 1893 1859 1482 1658 1064 1529 BCNSPRNW ULIB Ver.6.0+V

เปลี่ยนเป็นภาษาไทย

Change to English
 แสดงรายละเอียดบรรณานุกรม
  กลับหน้าหลัก

Brief Record : Get Marc (ISO 2709) : E-mail record : QR code < ปิดหน้าต่าง
LEADER : 00000nam a2200000Ia 4500
001    13399126023
003     ULIB
008    170112s2556 th a b 000 0 tha d
020    ^a9786169136729
040    ^absi
060 04 ^aWB537^bร399
245 00 ^aร่างกายมนุษย์ =^bHuman body /^cกองบรรณาธิการ, ประพจน์ เภตรากาศ... [และคนอื่นๆ]
246 31 ^aHuman body
250    ^aพิมพ์ครั้งที่ 1
260    ^aกรุงเทพฯ :^bมูลนิธิสาธารณสุขกับการพัฒนา,^c2556
300    ^a(12), 139 หน้า :^bภาพประกอบ ;^c26 ซม.
500    ^aร่างกายมนุษย์ เป็นตำราพื้นฐานในการฝึกอบรมหลักสูตรวิชาชีพการนวดไทยตามกฎหมายว่าด้วยวิชาชีพการแพทยืแผนไทย
650  4 ^aกายวิภาคศาสตร์มนุษย์
650  4 ^aการนวด
700 0  ^aประพจน์ เภตรากาศ,^eบรรณาธิการ
710 2  ^aมูลนิธิสาธารณสุขกับการพัฒนา
710 2  ^aมูลนิธิพัฒนาการแพทย์แผนไทย
710 2  ^aมูลนิธิเพื่อเด็กพิการ
945    ^p200^l0^i25723
945    ^p200^l0^i25724
945    ^p200^l0^i25725
945    ^p200^l0^i25726
945    ^p200^l0^i25727
945    ^p200^l0^i25728
945    ^p200^l0^i25729
945    ^p200^l0^i25730
945    ^p200^l0^i25731
945    ^p200^l0^i25732
945    ^p200^l0^i25733
945    ^p200^l0^i25734
945    ^p200^l0^i25735
945    ^p200^l0^i25736
945    ^p200^l0^i25737
995    ^aกัณชพร
999    ^aกัณชพร
รายการนี้ยังไม่มีแท็ก
คุณยังไม่ได้ล็อกอิน คุณสามารถมีกิจกรรมร่วมกับเว็บไซต์ได้ แต่ต้องล็อกอินก่อน ::
  ล็อกอิน

รายการสื่อสารสนเทศ

ลำดับที่ ประเภท เลขเรียก/บาร์โค้ด สถานที่ สถานะ
1. หนังสือสำรอง
หนังสือสำรอง
สถานะ=หนังสือเก่า
WB537 ร399 ฉ.1 
  Barcode: 25723
ห้องสมุดวิทยาเขตนครสวรรค์
►ส่วนจัดเก็บหนังสือเก่า นว.
บนชั้น
  ขอยืม
2. วิทยาศาสตร์การแพทย์ และสุขภาพ
วิทยาศาสตร์การแพทย์ และสุขภาพ
สถานะ=หนังสือเก่า
WB537 ร399 ฉ.10 
  Barcode: 25732
ห้องสมุดวิทยาเขตนครสวรรค์
►ส่วนจัดเก็บหนังสือเก่า นว.
บนชั้น
  ขอยืม
3. วิทยาศาสตร์การแพทย์ และสุขภาพ
วิทยาศาสตร์การแพทย์ และสุขภาพ
สถานะ=หนังสือเก่า
WB537 ร399 ฉ.11 
  Barcode: 25733
ห้องสมุดวิทยาเขตนครสวรรค์
►ส่วนจัดเก็บหนังสือเก่า นว.
บนชั้น
  ขอยืม
4. วิทยาศาสตร์การแพทย์ และสุขภาพ
วิทยาศาสตร์การแพทย์ และสุขภาพ
สถานะ=หนังสือเก่า
WB537 ร399 ฉ.12 
  Barcode: 25734
ห้องสมุดวิทยาเขตนครสวรรค์
►ส่วนจัดเก็บหนังสือเก่า นว.
บนชั้น
  ขอยืม
5. วิทยาศาสตร์การแพทย์ และสุขภาพ
วิทยาศาสตร์การแพทย์ และสุขภาพ
สถานะ=หนังสือเก่า
WB537 ร399 ฉ.13 
  Barcode: 25735
ห้องสมุดวิทยาเขตนครสวรรค์
►หนังสือทั่วไป:l:General Books
บนชั้น
6. วิทยาศาสตร์การแพทย์ และสุขภาพ
วิทยาศาสตร์การแพทย์ และสุขภาพ
สถานะ=หนังสือเก่า
WB537 ร399 ฉ.14 
  Barcode: 25736
ห้องสมุดวิทยาเขตนครสวรรค์
►ส่วนจัดเก็บหนังสือเก่า นว.
บนชั้น
  ขอยืม
7. วิทยาศาสตร์การแพทย์ และสุขภาพ
วิทยาศาสตร์การแพทย์ และสุขภาพ
สถานะ=หนังสือเก่า
WB537 ร399 ฉ.15 
  Barcode: 25737
ห้องสมุดวิทยาเขตนครสวรรค์
►ส่วนจัดเก็บหนังสือเก่า นว.
บนชั้น
  ขอยืม
8. วิทยาศาสตร์การแพทย์ และสุขภาพ
วิทยาศาสตร์การแพทย์ และสุขภาพ
สถานะ=หนังสือเก่า
WB537 ร399 ฉ.2 
  Barcode: 25724
ห้องสมุดวิทยาเขตนครสวรรค์
►หนังสือทั่วไป:l:General Books
บนชั้น
9. วิทยาศาสตร์การแพทย์ และสุขภาพ
วิทยาศาสตร์การแพทย์ และสุขภาพ
สถานะ=หนังสือเก่า
WB537 ร399 ฉ.3 
  Barcode: 25725
ห้องสมุดวิทยาเขตนครสวรรค์
►หนังสือทั่วไป:l:General Books
บนชั้น
10. วิทยาศาสตร์การแพทย์ และสุขภาพ
วิทยาศาสตร์การแพทย์ และสุขภาพ
สถานะ=หนังสือเก่า
WB537 ร399 ฉ.4 
  Barcode: 25726
ห้องสมุดวิทยาเขตนครสวรรค์
►ส่วนจัดเก็บหนังสือเก่า นว.
บนชั้น
  ขอยืม
11. วิทยาศาสตร์การแพทย์ และสุขภาพ
วิทยาศาสตร์การแพทย์ และสุขภาพ
สถานะ=หนังสือเก่า
WB537 ร399 ฉ.5 
  Barcode: 25727
ห้องสมุดวิทยาเขตนครสวรรค์
►ส่วนจัดเก็บหนังสือเก่า นว.
บนชั้น
  ขอยืม
12. วิทยาศาสตร์การแพทย์ และสุขภาพ
วิทยาศาสตร์การแพทย์ และสุขภาพ
สถานะ=หนังสือเก่า
WB537 ร399 ฉ.6 
  Barcode: 25728
ห้องสมุดวิทยาเขตนครสวรรค์
►หนังสือทั่วไป:l:General Books
บนชั้น
13. วิทยาศาสตร์การแพทย์ และสุขภาพ
วิทยาศาสตร์การแพทย์ และสุขภาพ
สถานะ=หนังสือเก่า
WB537 ร399 ฉ.7 
  Barcode: 25729
ห้องสมุดวิทยาเขตนครสวรรค์
►หนังสือทั่วไป:l:General Books
บนชั้น
14. วิทยาศาสตร์การแพทย์ และสุขภาพ
วิทยาศาสตร์การแพทย์ และสุขภาพ
สถานะ=หนังสือเก่า
WB537 ร399 ฉ.8 
  Barcode: 25730
ห้องสมุดวิทยาเขตนครสวรรค์
►ส่วนจัดเก็บหนังสือเก่า นว.
บนชั้น
  ขอยืม
15. วิทยาศาสตร์การแพทย์ และสุขภาพ
วิทยาศาสตร์การแพทย์ และสุขภาพ
สถานะ=หนังสือเก่า
WB537 ร399 ฉ.9 
  Barcode: 25731
ห้องสมุดวิทยาเขตนครสวรรค์
►ส่วนจัดเก็บหนังสือเก่า นว.
บนชั้น
  ขอยืม

รายการใกล้เคียง
    หัวเรื่อง [กายวิภาคศาสตร์มนุษย์]
    หัวเรื่อง [การนวด]

BibComment


ยังไม่เคยถูกคอมเมนท์

คอมเมนท์ทรัพยากรรายการนี้
  คอมเมนท์: ร่างกายมนุษย์ H..


 Copyright 2026. Bcnsprnw @Library